The discharge and modification of restrictive covenants (Record no. 86464)

MARC details
000 -LEADER
fixed length control field 00452cam a2200181 4500
001 - CONTROL NUMBER
control field D7551
008 - FIXED-LENGTH DATA ELEMENTS--GENERAL INFORMATION
fixed length control field 090401t1957 xxu||||| |||| 00| 0 eng d
035 ## - SYSTEM CONTROL NUMBER
System control number (Sirsi) u7964
041 ## - LANGUAGE CODE
Language code of text/sound track or separate title eng
050 ## - LIBRARY OF CONGRESS CALL NUMBER
Classification number 333.3234
100 ## - MAIN ENTRY--PERSONAL NAME
Personal name Newsom, George Harold
245 #4 - TITLE STATEMENT
Title The discharge and modification of restrictive covenants
260 ## - PUBLICATION, DISTRIBUTION, ETC.
Place of publication, distribution, etc. London
Name of publisher, distributor, etc. Sweet & Maxwell
Date of publication, distribution, etc. 1957
300 ## - PHYSICAL DESCRIPTION
Extent lxv. 414p. 23cm
350 ## - PRICE (NR) (BK AM CF MU VM SE) [OBSOLETE]
Price 0
942 ## - ADDED ENTRY ELEMENTS (KOHA)
Suppress in OPAC 0
948 ## - LOCAL PROCESSING INFORMATION (OCLC); SERIES PART DESIGNATOR (RLIN)
c (OCLC) 04/03/1997
Holdings
Withdrawn status Lost status Source of classification or shelving scheme Damaged status Not for loan Home library Current library Shelving location Date acquired Total Checkouts Full call number Barcode Date last seen Copy number Price effective from Koha item type
    Dewey Decimal Classification     London London Basement 20/08/1991   SHELF 132 30022130 06/08/2019 1 06/08/2019 Reference material